| 000 | 00641nam a2200205Ia 4500 | ||
|---|---|---|---|
| 003 | GCL | ||
| 008 | 140319s9999 xx 000 0 eng d | ||
| 020 | _a0060177586 | ||
| 040 |
_aGCL / _cGCL |
||
| 082 | 0 | 4 |
_a973.928092 _bQ S |
| 100 | 1 | _aQUAYLE, DAN | |
| 245 | 1 | 0 |
_aSTANDING FIRM : _bA VICE - PRESIDENTIAL MEMOIR / _cQUAYLE, DAN |
| 250 | _aFIRST | ||
| 260 |
_aنيويورك : _bHARPER COLLINS COLLEGE PUBLISBERS ، _c1994 |
||
| 300 |
_a25 CM ؛ _cXI,402 P |
||
| 650 | 0 | 4 | _aUNITED STATES - POLITICS AND GOVERNMENT - 1981 - 1989 |
| 650 | 0 | 4 | _aQUAYLE, DAN, 1947 |
| 650 | 0 | 4 | _aVICE PRESIDENTS - UNITED STATES - BIOGRAPHY |
| 942 |
_2ddc _cBK |
||
| 999 |
_c6517 _d6517 |
||